00665nam a22000977a 4500040000800000082002700008100004300035245044300078260002600521300002000547 cRUA aLMA OL 2024 B701 Or.1  aOL VANNY, អុល វណ្ណនី aStudy On The Process Of Producing Cadastral Map In Ang Metrey Village, Roleang Kreul Commune, Samrong District, Kampong Speu Province,សិក្សាអំពីដំណើរការនៃការផលិតផែនទីសុរិយោដី ស្ថិតនៅភូមិអង្គមេត្រី ឃុំរលាំងគ្រើល ស្រុកសំរោងទង ខេត្តកំពង់ស្ពឺ aPHNOM PENHbRUAc2024 ax,bill,c29cm,